000 00557nam a2200217Ia 4500
003 OSt
005 20220927105640.0
006 a|||||r|||| 00| 0
007 ta
008 220926b |||||||| |||| 00| 0 eng d
024 _a194960
037 _cReference Collections
040 _aRTL
_cRTL
_beng
041 _2eng
_aeng
082 _a"Y, TD"
100 _aSLUKA Jeffrey A
_9373926
245 0 _aTwo the anthropology of conflict
300 _a18-36
_ccm.
942 _h"Y, TD"
_cCC
999 _c693623
_d693623